[Event "ESTCC 65 2019"]
[Site "Mali Losinj"]
[Date "2019.09.21"]
[Round "4.31"]
[White "Patola, Eero"]
[Black "Dalling, Peter"]
[Result "1/2-1/2"]
[WhiteElo "1798"]
[BlackElo "1824"]
[Annotator "NA"]
[PlyCount "62"]
[EventDate "2019.09.18"]
[EventType "team-tourn"]
[EventCountry "CRO"]
[SourceTitle "playchess.com"]
[Source "ChessBase"]
[SourceQuality "1"]
[WhiteTeam "Finland"]
[BlackTeam "Sweden"]
[WhiteTeamCountry "FIN"]
[BlackTeamCountry "SWE"]
[TimeControl "40/5400+30:1800+30"]

1. c4 {[%emt 0:00:30]} e5 {[%emt 0:00:30]} 2. Nc3 {[%emt 0:00:00]} Bb4 {[%emt 0:00:00]} 3. e4 {[%emt 0:00:00]} Nc6 {[%emt 0:00:00]} 4. Nge2 {[%emt 0:01:30]} Bc5 {[%emt 0:03:30]} 5. d3 {[%emt 0:01:30]} h6 {[%emt 0:00:30]} 6. g3 {[%emt 0:00:30]} d6 {[%emt 0:00:00]} 7. h3 {[%emt 0:00:30]} Nf6 {[%emt 0:01:00]} 8. Bg2 {[%emt 0:00:30]} a6 {[%emt 0:03:30]} 9. O-O {[%emt 0:00:00]} O-O {[%emt 0:01:30]} 10. Kh2 {[%emt 0:00:00]} Nh7 {[%emt 0:05:30]} 11. f4 {[%emt 0:00:30]} f5 {[%emt 0:00:30]} 12. exf5 {[%emt 0:00:30]} Bxf5 {[%emt 0:00:30]} 13. g4 {[%emt 0:00:30]} Bd7 {[%emt 0:00:30]} 14. f5 {[%emt 0:00:30]} Qh4 {[%emt 0:02:30]} 15. Ne4 {[%emt 0:03:30]} Nf6 {[%emt 0:03:30]} 16. Nxf6+ {[%emt 0:01:30]} Qxf6 {[%emt 0:00:30]} 17. Ng3 {[%emt 0:01:30]} Qh4 {[%emt 0:05:30]} 18. Bd2 {[%emt 0:00:30]} Bd4 {[%emt 0:00:30]} 19. Rb1 {[%emt 0:00:30]} Rab8 {[%emt 0:03:30]} 20. Be1 {[%emt 0:01:30]} Qe7 {[%emt 0:01:30]} 21. Ne4 {[%emt 0:03:30]} Nd8 {[%emt 0:02:30]} 22. b4 {[%emt 0:03:30]} c6 {[%emt 0:02:30]} 23. c5 {[%emt 0:04:30]} d5 {[%emt 0:00:30]} 24. Nc3 {[%emt 0:03:30]} Nf7 {[%emt 0:09:30]} 25. Bd2 {[%emt 0:07:30]} Qf6 {[%emt 0:01:30]} 26. Ne2 {[%emt 0:00:30]} Rfe8 {[%emt 0:00:30]} 27. Nxd4 {[%emt 0:01:30]} exd4 {[%emt 0:00:30]} 28. Bf4 {[%emt 0:00:30]} Rbc8 {[%emt 0:01:30]} 29. Qd2 {[%emt 0:01:30]} Re7 {[%emt 0:00:30]} 30. Rbe1 {[%emt 0:00:30]} Rce8 {[%emt 0:00:30]} 31. Rxe7 {[%emt 0:03:30]} Qxe7 {[%emt 0:00:30]} 1/2-1/2

[Event "ESTCC 65 2019"]
[Site "Mali Losinj"]
[Date "2019.09.21"]
[Round "4.32"]
[White "Palsson, Bertil"]
[Black "Ristoja, Aulikki"]
[Result "1-0"]
[WhiteElo "1784"]
[BlackElo "1558"]
[Annotator "NA"]
[PlyCount "63"]
[EventDate "2019.09.18"]
[EventType "team-tourn"]
[EventCountry "CRO"]
[SourceTitle "playchess.com"]
[Source "ChessBase"]
[SourceQuality "1"]
[WhiteTeam "Sweden"]
[BlackTeam "Finland"]
[WhiteTeamCountry "SWE"]
[BlackTeamCountry "FIN"]
[TimeControl "40/5400+30:1800+30"]

1. c4 {[%emt 0:00:30]} g6 {[%emt 0:00:30]} 2. Nf3 {[%emt 0:00:00]} d6 {[%emt 0:00:30]} 3. d4 {[%emt 0:01:00]} Bg7 {[%emt 0:03:30]} 4. g3 {[%emt 0:00:30]} Nf6 {[%emt 0:01:30]} 5. Bg2 {[%emt 0:00:30]} c6 {[%emt 0:00:30]} 6. O-O {[%emt 0:00:30]} Bf5 {[%emt 0:01:30]} 7. Nc3 {[%emt 0:00:30]} Qd7 {[%emt 0:00:30]} 8. Re1 {[%emt 0:01:30]} Bh3 {[%emt 0:01:30]} 9. Bh1 {[%emt 0:01:30]} h5 {[%emt 0:02:30]} 10. Qd3 {[%emt 0:05:30]} h4 {[%emt 0:08:30]} 11. Nxh4 {[%emt 0:01:30]} Na6 {[%emt 0:00:30]} 12. a3 {[%emt 0:01:30]} Nc7 {[%emt 0:02:30]} 13. d5 {[%emt 0:09:30]} c5 {[%emt 0:06:30]} 14. b4 {[%emt 0:03:30]} b6 {[%emt 0:03:30]} 15. Bb2 {[%emt 0:05:30]} O-O-O {[%emt 0:01:30]} 16. bxc5 {[%emt 0:04:30]} dxc5 {[%emt 0:00:30]} 17. Ne4 {[%emt 1:00:30]} Nh5 {[%emt 0:21:30]} 18. Bxg7 {[%emt 0:00:00]} Nxg7 {[%emt 0:00:30]} 19. Ng5 {[%emt 0:00:00]} Rdf8 {[%emt 0:22:15]} 20. Nxh3 {[%emt 0:00:00]} Qxh3 {[%emt 0:00:10]} 21. Bg2 {[%emt 0:00:00]} Qd7 {[%emt 0:00:41]} 22. a4 {[%emt 0:00:00]} Rh6 {[%emt 0:06:08]} 23. Nf3 {[%emt 0:00:00]} f6 {[%emt 0:02:17]} 24. h4 {[%emt 0:00:00]} Rfh8 {[%emt 0:01:42]} 25. Reb1 {[%emt 0:00:00]} Kd8 {[%emt 0:03:31]} 26. a5 {[%emt 0:00:00]} Qd6 {[%emt 0:00:53]} 27. axb6 {[%emt 0:00:00]} axb6 {[%emt 0:01:40]} 28. Ra7 {[%emt 0:00:00]} Nf5 {[%emt 0:02:40]} 29. Rb7 {[%emt 0:00:00]} b5 {[%emt 0:01:44]} 30. Ra1 {[%emt 0:00:00]} bxc4 {[%emt 0:02:06]} 31. Qxc4 {[%emt 0:00:00]} Kd7 {[%emt 0:01:04]} 32. Qb5+ {[%emt 0:00:00]} 1-0

[Event "ESTCC 65 2019"]
[Site "Mali Losinj"]
[Date "2019.09.22"]
[Round "5.1"]
[White "Balashov, Yuri S"]
[Black "Renman, Nils-Gustaf"]
[Result "1/2-1/2"]
[WhiteElo "2466"]
[BlackElo "2340"]
[Annotator "TA"]
[PlyCount "81"]
[EventDate "2019.09.18"]
[EventType "team-tourn"]
[EventCountry "CRO"]
[SourceTitle "playchess.com"]
[Source "ChessBase"]
[SourceQuality "1"]
[WhiteTeam "Russia"]
[BlackTeam "Sweden"]
[WhiteTeamCountry "RUS"]
[BlackTeamCountry "SWE"]

{[%evp 12,81,35,20,32,32,22,23,31,31,21,22,24,26,30,31,29,26,29,27,30,29,35,30,39,35,34,4,94,94,87,87,88,97,80,83,78,77,82,77,105,106,102,95,103,88,110,86,129,106,116,31,32,32,27,25,29,8,8,8,8,8,8,8,8,8,8,8,20,0,12,0]} 1. e4 e6 2. d4 d5 3. Nd2 c5 4. exd5 exd5 5. Bb5+ Nc6 6. Ngf3 Qe7+ 7. Be2 Qc7 {C09: French Tarrasch: 3...c5 4 exd5 exd5 5 Ngf3 Nc6} 8. O-O Nf6 9. Re1 cxd4 {White has an edge.} 10. Nb3 Bb4 11. Bd2 Bxd2 12. Qxd2 O-O 13. Nfxd4 Bd7 {[#]} 14. Bd3 $146 ({Predecessor:} 14. Nxc6 bxc6 15. c4 {½-½ (110) Oleksienko,M (2598)-Zvjaginsev,V (2641) Qinhuangdao 2019}) 14... Rfe8 15. Qc3 Rac8 16. Nxc6 bxc6 17. Nc5 Ng4 18. g3 f6 19. Qd4 Re5 {[#]} (19... Ne5 $11 {remains equal.} 20. Re3 Nxd3 21. cxd3 Rxe3 22. fxe3 Re8) 20. f4 $1 $36 {[%cal Rf4e5][%mdl 2048] White is on the roll.} Rxe1+ 21. Rxe1 {Strongly threatening h3.} Re8 22. Rxe8+ Bxe8 23. h3 Nh6 24. Qe3 {[%cal Re3e8] [#]} Bf7 25. b4 g6 26. g4 Kg7 27. a4 {[%cal Ba2a4,Ba4a5][%mdl 32]} Ng8 28. a5 h6 29. h4 Qd6 30. c3 Ne7 31. Kg2 ({White should play} 31. Qd4 $16) 31... d4 $1 $14 {[%cal Rd4e3]} 32. Qxd4 Qxd4 33. cxd4 {[%mdl 4096] Endgame KBN-KBN} Nd5 34. Kf3 Nxb4 {The position is equal.} 35. Bb1 Bd5+ 36. Ke3 g5 37. hxg5 hxg5 38. fxg5 fxg5 39. Bf5 Kf7 40. Kd2 Bf3 41. Ke3 {Accuracy: White = 71%, Black = 71%.} 1/2-1/2

[Event "ESTCC 65 2019"]
[Site "Mali Losinj"]
[Date "2019.09.22"]
[Round "5.2"]
[White "Wahlbom, Magnus"]
[Black "Sveshnikov, Evgeny"]
[Result "0-1"]
[WhiteElo "2255"]
[BlackElo "2483"]
[Annotator "ChessBase"]
[PlyCount "102"]
[EventDate "2019.09.18"]
[EventType "team-tourn"]
[EventCountry "CRO"]
[SourceTitle "playchess.com"]
[Source "ChessBase"]
[SourceQuality "1"]
[WhiteTeam "Sweden"]
[BlackTeam "Russia"]
[WhiteTeamCountry "SWE"]
[BlackTeamCountry "RUS"]
[TimeControl "40/5400+30:1800+30"]

1. e4 {[%emt 0:00:30]} c5 {[%emt 0:00:30]} 2. Nf3 {[%emt 0:00:00]} Nc6 {[%emt 0:00:00]} 3. d4 {[%emt 0:00:00]} cxd4 {[%emt 0:00:00]} 4. Nxd4 {[%emt 0:00:30]} e5 {[%emt 0:00:30]} 5. Nb5 {[%emt 0:00:00]} d6 {[%emt 0:00:00]} 6. c4 {[%emt 0:01:00]} Be7 {[%emt 0:00:00]} 7. N1c3 {[%emt 0:00:00]} a6 {[%emt 0:00:00]} 8. Na3 {[%emt 0:00:00]} f5 {[%emt 0:00:00]} 9. exf5 {[%emt 0:02:30]} Bxf5 {[%emt 0:00:30]} 10. Bd3 {[%emt 0:02:30]} Be6 {[%emt 0:00:00]} 11. O-O {[%emt 0:05:30]} Nf6 {[%emt 0:00:00]} 12. Nc2 {[%emt 0:02:30]} O-O {[%emt 0:01:30]} 13. Bg5 {[%emt 0:06:30]} Ng4 {[%emt 0:01:30]} 14. Bxe7 {[%emt 0:04:30]} Qxe7 {[%emt 0:01:30]} 15. Ne3 {[%emt 0:24:30]} Qh4 {[%emt 0:17:30]} 16. Nxg4 {[%emt 0:00:30]} Bxg4 {[%emt 0:00:30]} 17. Be2 {[%emt 0:08:30]} Be6 {[%emt 0:05:30]} 18. g3 {[%emt 0:16:30]} Qh3 {[%emt 0:01:30]} 19. Ne4 {[%emt 0:00:30]} h6 {[%emt 0:06:30]} 20. Rc1 {[%emt 0:07:03]} Nd4 {[%emt 0:02:30]} 21. f3 {[%emt 0:00:37]} b5 {[%emt 0:04:30]} 22. Nxd6 {[%emt 0:04:20]} Rad8 {[%emt 0:02:30]} 23. c5 {[%emt 0:00:17]} Bxa2 {[%emt 0:00:30]} 24. Rc3 {[%emt 0:01:03]} Qe6 {[%emt 0:04:30]} 25. b4 {[%emt 0:00:59]} Bd5 {[%emt 0:07:30]} 26. Re3 {[%emt 0:01:22]} Rf6 {[%emt 0:04:30]} 27. Rf2 {[%emt 0:00:43]} Bc6 {[%emt 0:01:30]} 28. Bd3 {[%emt 0:01:32]} Rxd6 {[%emt 0:18:30]} 29. cxd6 {[%emt 0:00:11]} Qxd6 {[%emt 0:00:30]} 30. Be4 {[%emt 0:06:19]} Bxe4 {[%emt 0:01:58]} 31. Rxe4 {[%emt 0:00:21]} Nxf3+ {[%emt 0:02:46]} 32. Qxf3 {[%emt 0:00:05]} Rxf3 {[%emt 0:01:06]} 33. Rxf3 {[%emt 0:00:02]} Qd1+ {[%emt 0:01:33]} 34. Rf1 {[%emt 0:00:06]} Qd2 {[%emt 0:00:46]} 35. Rf2 {[%emt 0:02:14]} Qc1+ {[%emt 0:04:23]} 36. Kg2 {[%emt 0:01:15]} Qc6 {[%emt 0:01:20]} 37. Rfe2 {[%emt 0:00:10]} Kf7 {[%emt 0:01:56]} 38. Kh3 {[%emt 0:01:17]} Qd6 {[%emt 0:01:47]} 39. g4 {[%emt 0:01:05]} Ke6 {[%emt 0:00:55]} 40. Kh4 {[%emt 0:00:33]} Qd8+ {[%emt 0:01:04]} 41. Kg3 {[%emt 0:30:16]} Qc7 {[%emt 0:00:26]} 42. Kh4 {[%emt 0:00:00]} Kd5 {[%emt 0:04:30]} 43. R2e3 {[%emt 0:00:00]} Qe7+ {[%emt 0:07:30]} 44. Kg3 {[%emt 0:00:00]} Qf6 {[%emt 0:00:30]} 45. Re1 {[%emt 0:00:00]} g6 {[%emt 0:03:30]} 46. h3 {[%emt 0:00:00]} h5 {[%emt 0:01:30]} 47. Rxe5+ {[%emt 0:00:00]} Qxe5+ {[%emt 0:00:00]} 48. Rxe5+ {[%emt 0:00:00]} Kxe5 {[%emt 0:00:00]} 49. gxh5 {[%emt 0:00:00]} gxh5 {[%emt 0:00:30]} 50. Kh4 {[%emt 0:00:00]} a5 {[%emt 0:00:30]} 51. bxa5 {[%emt 0:00:00]} Kd5 {[%emt 0:00:00]} 0-1

[Event "ESTCC 65 2019"]
[Site "Mali Losinj"]
[Date "2019.09.22"]
[Round "5.3"]
[White "Kalegin, Evgenij"]
[Black "Hammar, Bengt"]
[Result "1-0"]
[WhiteElo "2435"]
[BlackElo "2161"]
[Annotator "NA"]
[PlyCount "49"]
[EventDate "2019.09.18"]
[EventType "team-tourn"]
[EventCountry "CRO"]
[SourceTitle "playchess.com"]
[Source "ChessBase"]
[SourceQuality "1"]
[WhiteTeam "Russia"]
[BlackTeam "Sweden"]
[WhiteTeamCountry "RUS"]
[BlackTeamCountry "SWE"]
[TimeControl "40/5400+30:1800+30"]

1. e4 {[%emt 0:00:30]} c5 {[%emt 0:00:30]} 2. Nf3 {[%emt 0:00:00]} d6 {[%emt 0:00:30]} 3. c3 {[%emt 0:00:00]} Nf6 {[%emt 0:01:30]} 4. h3 {[%emt 0:00:00]} Nc6 {[%emt 0:01:30]} 5. Bd3 {[%emt 0:00:00]} d5 {[%emt 0:04:30]} 6. exd5 {[%emt 0:01:30]} Nxd5 {[%emt 0:01:30]} 7. O-O {[%emt 0:01:30]} g6 {[%emt 0:02:30]} 8. Bb5 {[%emt 0:00:30]} Qb6 {[%emt 0:02:30]} 9. Bc4 {[%emt 0:15:30]} Nf6 {[%emt 0:01:30]} 10. d4 {[%emt 0:00:30]} cxd4 {[%emt 0:02:30]} 11. cxd4 {[%emt 0:03:30]} Na5 {[%emt 0:04:30]} 12. Ne5 {[%emt 0:05:30]} Nxc4 {[%emt 0:01:30]} 13. Qa4+ {[%emt 0:00:30]} Nd7 {[%emt 0:03:30]} 14. Nxc4 {[%emt 0:01:30]} Qc6 {[%emt 0:02:30]} 15. Qxc6 {[%emt 0:01:30]} bxc6 {[%emt 0:00:30]} 16. Re1 {[%emt 0:00:00]} e6 {[%emt 0:00:30]} 17. Bf4 {[%emt 0:00:00]} Bg7 {[%emt 0:01:30]} 18. Nbd2 {[%emt 0:12:30]} O-O {[%emt 0:03:30]} 19. Nb3 {[%emt 0:00:30]} Nb6 {[%emt 0:02:30]} 20. Ne5 {[%emt 0:04:30]} Na4 {[%emt 0:03:30]} 21. Re2 {[%emt 0:04:30]} Ba6 {[%emt 0:06:30]} 22. Rc2 {[%emt 0:00:30]} Bxe5 {[%emt 0:04:30]} 23. dxe5 {[%emt 0:03:30]} Bd3 {[%emt 0:01:30]} 24. Rd2 {[%emt 0:06:30]} Be4 {[%emt 0:02:30]} 25. Rd4 {[%emt 0:00:30]} 1-0

[Event "ESTCC 65 2019"]
[Site "Mali Losinj"]
[Date "2019.09.22"]
[Round "5.4"]
[White "Malmdin, Nils-Ake"]
[Black "Zhelnin, Vladimir V"]
[Result "1/2-1/2"]
[WhiteElo "2142"]
[BlackElo "2406"]
[Annotator "TA"]
[PlyCount "60"]
[EventDate "2019.09.18"]
[EventType "team-tourn"]
[EventCountry "CRO"]
[SourceTitle "playchess.com"]
[Source "ChessBase"]
[SourceQuality "1"]
[WhiteTeam "Sweden"]
[BlackTeam "Russia"]
[WhiteTeamCountry "SWE"]
[BlackTeamCountry "RUS"]

{[%evp 9,60,13,0,8,29,27,29,20,26,-10,-1,-10,-11,-16,-26,-38,48,45,32,30,34,37,44,35,52,30,47,22,50,-8,0,-13,-13,-17,-10,-18,-11,-51,-28,-74,0,0,0,0,4,0,0,0,0,0,-6,-10,0]} 1. e4 c5 2. Nf3 d6 3. Nc3 a6 4. a4 Nc6 (4... g6 5. d4 cxd4 6. Nxd4 Nf6 7. Be2 Bg7 8. O-O O-O 9. Nb3 b6 10. Re1 Bb7 11. Bf1 Nbd7 12. Nd5 e6 13. Nc3 Qc7 14. Bf4 Ne5 15. Qd2 Rfd8 16. Bh6 Bh8 {0-1 (39) Mamedov,R (2688)-Nakamura,H (2779) Doha 2016}) 5. d4 cxd4 6. Nxd4 {B50: Sicilian: 2...d6, Miscellaneous} g6 7. Be3 Bg7 8. Qd2 {White has an edge.} Nf6 9. h3 O-O 10. Be2 d5 $146 ({Predecessor:} 10... Bd7 11. Nb3 Rc8 12. a5 Ne5 13. Bb6 Qe8 14. O-O Nc4 15. Bxc4 Rxc4 {1-0 (39) Gurevich,I (2580)-Browne,W (2516) San Francisco 1999}) 11. Nxc6 bxc6 12. e5 Ne4 (12... Nd7 $15) 13. Nxe4 $14 dxe4 14. Qc3 Be6 15. O-O Qc7 16. Bf4 a5 17. b3 c5 18. Rad1 Rfc8 19. Qg3 (19. Bb5 $14) 19... c4 20. Rd4 cxb3 21. cxb3 Qb6 22. Rxe4 Qxb3 23. Qh4 Qb7 24. Rd4 {[#]} Rab8 (24... Qb2 $1 $17 {[%cal Rb2d4]} 25. Re4 Bd5) 25. Rfd1 $11 {The position is equal.} Qc7 26. Bb5 Rd8 27. Rxd8+ Rxd8 28. Rxd8+ Qxd8 29. Qg3 Qd4 30. Qe3 Qxe3 {Accuracy: White = 41%, Black = 54%.} 1/2-1/2

[Event "ESTCC 65 2019"]
[Site "Mali Losinj"]
[Date "2019.09.22"]
[Round "5.5"]
[White "Werner, Clemens"]
[Black "Huss, Andreas"]
[Result "0-1"]
[WhiteElo "2286"]
[BlackElo "2261"]
[Annotator "NA"]
[PlyCount "120"]
[EventDate "2019.09.18"]
[EventType "team-tourn"]
[EventCountry "CRO"]
[SourceTitle "playchess.com"]
[Source "ChessBase"]
[SourceQuality "1"]
[WhiteTeam "Germany"]
[BlackTeam "Switzerland"]
[WhiteTeamCountry "GER"]
[BlackTeamCountry "SUI"]
[TimeControl "40/5400+30:1800+30"]

1. e4 {[%emt 0:00:30]} c6 {[%emt 0:00:30]} 2. d4 {[%emt 0:00:30]} d5 {[%emt 0:00:00]} 3. Nd2 {[%emt 0:00:30]} dxe4 {[%emt 0:01:00]} 4. Nxe4 {[%emt 0:00:30]} Nf6 {[%emt 0:00:30]} 5. Nxf6+ {[%emt 0:00:30]} gxf6 {[%emt 0:00:30]} 6. c3 {[%emt 0:00:30]} Bf5 {[%emt 0:00:00]} 7. Nf3 {[%emt 0:01:30]} e6 {[%emt 0:01:00]} 8. g3 {[%emt 0:04:30]} Nd7 {[%emt 0:02:30]} 9. Qe2 {[%emt 0:04:30]} Qc7 {[%emt 0:05:30]} 10. Bg2 {[%emt 0:03:30]} O-O-O {[%emt 0:06:30]} 11. O-O {[%emt 0:00:30]} Bg4 {[%emt 0:08:30]} 12. a4 {[%emt 0:02:30]} h5 {[%emt 0:05:30]} 13. h3 {[%emt 0:03:30]} Bxf3 {[%emt 0:01:30]} 14. Qxf3 {[%emt 0:00:30]} f5 {[%emt 0:05:30]} 15. b4 {[%emt 0:09:30]} Bd6 {[%emt 0:20:30]} 16. b5 {[%emt 0:05:30]} h4 {[%emt 0:07:30]} 17. Bg5 {[%emt 0:05:30]} Rdg8 {[%emt 0:00:30]} 18. Bxh4 {[%emt 0:08:30]} f4 {[%emt 0:01:30]} 19. bxc6 {[%emt 0:06:30]} bxc6 {[%emt 0:05:30]} 20. Qd3 {[%emt 0:07:30]} f6 {[%emt 0:10:38]} 21. Rab1 {[%emt 0:08:30]} fxg3 {[%emt 0:01:58]} 22. Qa6+ {[%emt 0:06:04]} Kd8 {[%emt 0:00:04]} 23. Rb7 {[%emt 0:00:27]} gxf2+ {[%emt 0:05:22]} 24. Rxf2 {[%emt 0:02:23]} Qc8 {[%emt 0:00:49]} 25. Bxf6+ {[%emt 0:03:14]} Nxf6 {[%emt 0:00:16]} 26. Rxf6 {[%emt 0:00:21]} Rh7 {[%emt 0:02:52]} 27. Qa5+ {[%emt 0:02:40]} Bc7 {[%emt 0:00:08]} 28. Qxa7 {[%emt 0:04:48]} Qxb7 {[%emt 0:01:18]} 29. Qxb7 {[%emt 0:00:10]} Bh2+ {[%emt 0:00:10]} 30. Kxh2 {[%emt 0:00:09]} Rxb7 {[%emt 0:00:02]} 31. Rf2 {[%emt 0:00:34]} Rb3 {[%emt 0:03:08]} 32. Bxc6 {[%emt 0:03:03]} Rxc3 {[%emt 0:00:03]} 33. Bg2 {[%emt 0:01:49]} Ra3 {[%emt 0:00:33]} 34. Bc6 {[%emt 0:01:33]} Kc7 {[%emt 0:00:17]} 35. Bg2 {[%emt 0:01:40]} Kd6 {[%emt 0:00:54]} 36. Rd2 {[%emt 0:00:49]} Rxa4 {[%emt 0:00:30]} 37. d5 {[%emt 0:00:06]} e5 {[%emt 0:00:30]} 38. Rc2 {[%emt 0:00:28]} e4 {[%emt 0:00:29]} 39. Rc6+ {[%emt 0:00:10]} Kxd5 {[%emt 0:00:11]} 40. Rc2 {[%emt 0:00:30]} Kd4 {[%emt 0:00:29]} 41. Bf1 {[%emt 0:03:02]} Ra1 {[%emt 0:07:19]} 42. Be2 {[%emt 0:00:30]} Ke3 {[%emt 0:00:30]} 43. Bg4 {[%emt 0:00:30]} Kd3 {[%emt 0:02:30]} 44. Rc7 {[%emt 0:00:30]} Rd8 {[%emt 0:03:30]} 45. Kg3 {[%emt 0:01:30]} e3 {[%emt 0:01:30]} 46. Re7 {[%emt 0:00:30]} Rg1+ {[%emt 0:01:30]} 47. Kf4 {[%emt 0:00:00]} Rf8+ {[%emt 0:01:30]} 48. Kg5 {[%emt 0:00:00]} Rg8+ {[%emt 0:00:59]} 49. Kf4 {[%emt 0:02:30]} Rf8+ {[%emt 0:01:32]} 50. Kg5 {[%emt 0:00:30]} Rg8+ {[%emt 0:03:19]} 51. Kf4 {[%emt 0:02:30]} Rf1+ {[%emt 0:00:15]} 52. Kg3 {[%emt 0:00:30]} e2 {[%emt 0:03:58]} 53. Rxe2 {[%emt 0:02:30]} Rxg4+ {[%emt 0:00:11]} 54. Kxg4 {[%emt 0:00:00]} Kxe2 {[%emt 0:00:06]} 55. h4 {[%emt 0:00:00]} Ke3 {[%emt 0:00:27]} 56. h5 {[%emt 0:00:30]} Ke4 {[%emt 0:00:15]} 57. Kg5 {[%emt 0:00:00]} Ke5 {[%emt 0:00:31]} 58. Kg6 {[%emt 0:00:00]} Ke6 {[%emt 0:01:00]} 59. h6 {[%emt 0:01:30]} Rg1+ {[%emt 0:00:12]} 60. Kh7 {[%emt 0:00:30]} Kf7 {[%emt 0:00:14]} 0-1

[Event "ESTCC 65 2019"]
[Site "Mali Losinj"]
[Date "2019.09.22"]
[Round "5.6"]
[White "Vucenovic, Dragomir"]
[Black "Kierzek, Matthias"]
[Result "0-1"]
[WhiteElo "2154"]
[BlackElo "2186"]
[Annotator "NA"]
[PlyCount "96"]
[EventDate "2019.09.18"]
[EventType "team-tourn"]
[EventCountry "CRO"]
[SourceTitle "playchess.com"]
[Source "ChessBase"]
[SourceQuality "1"]
[WhiteTeam "Switzerland"]
[BlackTeam "Germany"]
[WhiteTeamCountry "SUI"]
[BlackTeamCountry "GER"]
[TimeControl "40/5400+30:1800+30"]

1. Nf3 {[%emt 0:00:30]} d5 {[%emt 0:00:30]} 2. b3 {[%emt 0:00:00]} Bg4 {[%emt 0:00:00]} 3. g3 {[%emt 0:01:00]} Nd7 {[%emt 0:01:00]} 4. Bg2 {[%emt 0:00:00]} e5 {[%emt 0:02:30]} 5. d3 {[%emt 0:00:00]} Ngf6 {[%emt 0:01:30]} 6. O-O {[%emt 0:02:30]} Bd6 {[%emt 0:02:30]} 7. Bb2 {[%emt 0:06:30]} O-O {[%emt 0:05:30]} 8. Nc3 {[%emt 0:18:30]} c6 {[%emt 0:01:30]} 9. e4 {[%emt 0:03:30]} Re8 {[%emt 0:14:30]} 10. Qe1 {[%emt 0:03:30]} d4 {[%emt 0:01:30]} 11. Ne2 {[%emt 0:00:30]} b5 {[%emt 0:04:30]} 12. a3 {[%emt 0:03:30]} c5 {[%emt 0:05:30]} 13. h3 {[%emt 0:01:30]} Bxf3 {[%emt 0:04:30]} 14. Bxf3 {[%emt 0:00:30]} c4 {[%emt 0:00:30]} 15. Bg2 {[%emt 0:01:30]} Nc5 {[%emt 0:05:30]} 16. b4 {[%emt 0:05:30]} cxd3 {[%emt 0:03:30]} 17. bxc5 {[%emt 0:00:30]} dxe2 {[%emt 0:00:30]} 18. Qxe2 {[%emt 0:00:30]} Bxc5 {[%emt 0:00:30]} 19. Qxb5 {[%emt 0:05:30]} Nd7 {[%emt 0:00:30]} 20. Rfb1 {[%emt 0:15:30]} Rc8 {[%emt 0:03:30]} 21. h4 {[%emt 0:02:30]} Bb6 {[%emt 0:04:30]} 22. Bh3 {[%emt 0:03:30]} Re7 {[%emt 0:00:30]} 23. a4 {[%emt 0:02:30]} Rc5 {[%emt 0:06:30]} 24. Qe2 {[%emt 0:08:00]} Qc7 {[%emt 0:07:30]} 25. Rc1 {[%emt 0:01:03]} Re8 {[%emt 0:01:30]} 26. Ba3 {[%emt 0:02:37]} Rc3 {[%emt 0:01:30]} 27. Kg2 {[%emt 0:02:17]} Nf6 {[%emt 0:02:40]} 28. Bb2 {[%emt 0:01:16]} Rc5 {[%emt 0:01:14]} 29. Ba3 {[%emt 0:00:30]} Rc6 {[%emt 0:03:40]} 30. Kh1 {[%emt 0:05:14]} Bc5 {[%emt 0:04:15]} 31. c4 {[%emt 0:03:43]} Bxa3 {[%emt 0:02:46]} 32. Rxa3 {[%emt 0:00:01]} Rb6 {[%emt 0:00:18]} 33. a5 {[%emt 0:01:06]} Rb4 {[%emt 0:00:28]} 34. c5 {[%emt 0:00:22]} Qc6 {[%emt 0:00:24]} 35. Bg2 {[%emt 0:00:13]} Reb8 {[%emt 0:00:41]} 36. Ra2 {[%emt 0:00:31]} R8b5 {[%emt 0:01:21]} 37. g4 {[%emt 0:00:32]} h6 {[%emt 0:00:43]} 38. g5 {[%emt 0:01:20]} hxg5 {[%emt 0:00:08]} 39. hxg5 {[%emt 0:00:01]} Nd7 {[%emt 0:01:14]} 40. Qg4 {[%emt 0:00:44]} Rxc5 {[%emt 0:00:00]} 41. Rxc5 {[%emt 0:02:30]} Nxc5 {[%emt 0:02:38]} 42. g6 {[%emt 0:02:30]} fxg6 {[%emt 0:04:30]} 43. Rc2 {[%emt 0:09:01]} d3 {[%emt 0:09:30]} 44. Rc3 {[%emt 0:00:51]} Rb1+ {[%emt 0:01:30]} 45. Kh2 {[%emt 0:00:37]} d2 {[%emt 0:00:30]} 46. Bf3 {[%emt 0:00:15]} Rc1 {[%emt 0:04:24]} 47. Re3 {[%emt 0:01:04]} Qf6 {[%emt 0:04:33]} 48. Qc8+ {[%emt 0:00:25]} Qf8 {[%emt 0:00:16]} 0-1